Statistiques concernant Paroles Partenaire Particulier

Cliquez ici pour prendre le quiz!

Statistiques générales

  • Ce quiz a été pris 1 318 fois
  • Le résultat moyen est 257 sur 302

Statistiques - réponses

Paroles% Correct
cherche
98%
de
98%
un
98%
et
97%
par
97%
pas
96%
à
95%
Partenaire
95%
partenaire
95%
Je
94%
je
94%
la
94%
particulier
94%
ce
93%
qui
93%
me
92%
une
92%
particulière
91%
suis
91%
bonne
90%
cette
90%
dose
90%
faire
90%
fille
90%
recherche
90%
savoir
90%
trop
90%
mais
89%
tant
89%
trouver
89%
alors
88%
Alors
88%
non
88%
trouverai
88%
trouverai*
88%
vérité
88%
être
87%
timide
87%
d'une
85%
peu
85%
banalité
84%
tente
83%
manque
82%
si
82%
ai
81%
aventure
81%
sorte
81%
simplement
79%
débloquée
74%
dans
71%
en
71%
ces
65%
assez
64%
J'en
64%
toutes
59%
finit
57%
s'y
57%
ennuyer
56%
rester
56%
m'enferme
51%
que
51%
ils
50%
règles
50%
carcan
47%
l'on
47%
finis
46%
rond
46%
disent
45%
tourner
45%
parfois
43%
horizons
42%
norme
41%
nouveaux
41%
n'est
39%
sont
39%
Vous
38%
difficiles
36%
avouer
35%
eux
35%
parmi
34%
dois
33%
moi
33%
tels
33%
comprendrez
32%
péchés
32%
autour
28%
coincés
17%

Distribution des résultats

Percentile par nombre de réponses

% des personnes avec chaque résultat

Votre développement - résultats

Vous n’avez pas pris ce quiz